000 00457nam a2200181Ia 4500
001 11453
005 20260306162829.0
008 260306t2015||||xx |||||||||||||| ||spa||
041 _aESP
082 _a985.053
_bU85
100 _aUrrutia Ceruti, Jaime
_eAUT
245 0 _aInformes de los cónsules franceses en Lima, 1842 - 1877
260 _c2015
300 _a233 páginas :
_c24 cm.
650 _aGEN
654 _aCHU
942 _cLIB
_dJUS
_fJUS
_2ddc
_n
999 _c11453
_d11453